000
00325nam a2200133Ia 4500
008
150201s2005 xx 000 0 und d
082
_a
610
_b
P05P
100
_a
PANDA,UN
245
_a
PHYSICAL CUM DIFFERENTIAL DIAGNOSIS
250
_a
1ST
260
_b
AITBS
_a
DELHI
_c
2005
650
_a
MEDICINE AND DIAGNOSIS
942
_2
ddc
_c
BK
999
_c
885
_d
885